000
00328nam a2200133Ia 4500
005
20251222143148.0
008
251222s9999||||xx |||||||||||||| ||spa||
082
_a
321.07/C12
100
_a
Cabodevilla. José María
245
0
_a
Feria de Utopías:
250
_a
1a. ed.
264
_b
Editorial Católica, S.A.
942
_c
LIB
999
_c
12585
_d
12585